Missing Word: Stephen King Movies Quiz Stats

 Plays Quiz Updated Nov 19, 2014

Challenge
Share
Tweet
Embed
Score 0/18 Timer 02:00
1 Play Today
Hint Answer % Correct
The ____ MileGreen
95.2%
Children of the ____Corn
92.3%
Pet ________Sematary
85.3%
The _________ RedemptionShawshank
82.9%
_____ by MeStand
79.8%
______ LotSalem's
69%
The ____ ZoneDead
64.2%
Needful ______Things
55.6%
_______ OverdriveMaximum
50.2%
Hint Answer % Correct
Dolores _________Claiborne
50.1%
______ BulletSilver
49.2%
Hearts in ________Atlantis
32.8%
Apt _____Pupil
31.9%
Secret ______Window
30.4%
The ____ HalfDark
27.6%
_________ They Come BackSometimes
23.7%
The _____ FlierNight
16.2%
Riding the ______Bullet
13.8%

Today's Daily Dose

You're not logged in!

Compare scores with friends on all Sporcle quizzes.
Join for Free
OR
Log In

You Might Also Like...

Show Comments

Extras

Top Quizzes Today


Score Distribution

Your Account Isn't Verified!

In order to create a playlist on Sporcle, you need to verify the email address you used during registration. Go to your Sporcle Settings to finish the process.

Report this User

Report this user for behavior that violates our Community Guidelines.

Details: